<?xml version="1.0" encoding="UTF-8"?><record xmlns="http://www.loc.gov/MARC21/slim" xmlns:zs="http://docs.oasis-open.org/ns/search-ws/sruResponse">
  <leader>00478nz  a2200145n  4500</leader>
  <controlfield tag="001">no 96041896 </controlfield>
  <controlfield tag="003">DLC</controlfield>
  <controlfield tag="005">19960827130723.2</controlfield>
  <controlfield tag="008">960820n| acannaab|          |n aaa     c</controlfield>
  <datafield ind1=" " ind2=" " tag="010">
    <subfield code="a">no 96041896 </subfield>
  </datafield>
  <datafield ind1=" " ind2=" " tag="035">
    <subfield code="a">(OCoLC)oca04144284 </subfield>
  </datafield>
  <datafield ind1=" " ind2=" " tag="040">
    <subfield code="a">MdU</subfield>
    <subfield code="c">MdU</subfield>
  </datafield>
  <datafield ind1="1" ind2="0" tag="100">
    <subfield code="a">Rehfisch, Hans J.</subfield>
    <subfield code="q">(Hans José),</subfield>
    <subfield code="d">1891-1960</subfield>
  </datafield>
  <datafield ind1=" " ind2=" " tag="670">
    <subfield code="a">Lysistratas Hochzeit, 1967:</subfield>
    <subfield code="b">t.p. (Hans J. Rehfisch)</subfield>
  </datafield>
  <datafield ind1=" " ind2=" " tag="670">
    <subfield code="a">NUC pre-56</subfield>
    <subfield code="b">(hdg.: Rehfisch, Hans José, 1891-1960; usage: Hans J. Rehfisch, Hans Rehfisch)</subfield>
  </datafield>
</record>
